| 000 | 00919nam a22003257a 4500 | ||
|---|---|---|---|
| 001 | 0019079 | ||
| 003 | KOHA_MİRAKIL | ||
| 005 | 20260207002224.0 | ||
| 007 | ta | ||
| 008 | 100707b2003 tu |||gr||||#||||0|tur | | ||
| 020 | _a 9752886337 | ||
| 040 |
_aTR-BiSEU _btur _cTR-BiSEU _erda |
||
| 041 | 0 | _atur | |
| 044 | _ctu | ||
| 050 |
_aHG3761 _b.U93 2003 |
||
| 100 | 1 | _aUyar, Seçil. | |
| 245 | 1 |
_aBankacılık krizleri/ _cSeçil Uyar ; Seçil Uyar; haz. Önder Çetinkaya. |
|
| 264 | 1 |
_aAnkara : _b[y.y.] _c2003 |
|
| 300 | _a182 s. | ||
| 336 |
_ametin _btxt _2rdacontent |
||
| 337 |
_aaracısız _bn _2rdamedia |
||
| 338 |
_acilt _bnc _2rdacarrier |
||
| 500 | _a"Donated by Pırıl Üstün."-- Copy 2 | ||
| 500 | _aKaynakça var. | ||
| 650 | 0 |
_aBank failures. _923925 |
|
| 650 | 0 |
_aBanks and banking. _96782 |
|
| 650 | 0 |
_aFinancial crises. _98321 |
|
| 650 | 0 |
_aRisk management. _91679 |
|
| 942 |
_2lcc _cBK |
||
| 999 |
_c19036 _d19036 |
||